000 00656nam a2200205Ia 4500
005 20260601193220.0
008 260601s9999||||xx |||||||||||||| ||und||
020 _a978-981-99-5091-1
_qebk
100 _aSankita J. Patel
245 0 _aInformation Security, Privacy and Digital Forensics
250 _a2024
260 _aHeidelberg, Germany
_bSpringer Nature
_c2024
440 _aLecture Notes in Electrical Engineering
650 _aComputer Science
700 _aBhavesh N. Gohil
700 _aNaveen Kumar Chaudhary
700 _aS. S. Iyengar
856 _uhttps://link.springer.com/openurl?genre=book&isbn=978-981-99-5091-1
942 _cEB
_2ddc
999 _c55771
_d55771